000 00455nmm a2200169Ia 4500
008 251105s9999||||xx |||||||||||||||||und||
020 _a9788483590416
041 _aspa
100 _aGarcía López, Jose Mª
245 0 _aEl pájaro negro
264 _a[Madrid, España] :
_bCalambur,
_c2008
300 _a332 páginas
490 _aNarrativa
650 _aSpanish narrative
856 _uhttps://public.digitaliapublishing.com/a/905
942 _cCF
999 _c86131
_d86131